US States With the Highest Teen Birth Rate - Statistics

General Stats
  • This quiz has been taken 137 times
  • The average score is 8 of 10
Answer Stats
Rate State % Correct
20.9 Alabama
93%
26.4 Mississippi
88%
20.4 Texas
86%
24.6 Arkansas
82%
23.7 Louisiana
81%
21.0 Tennessee
79%
21.8 Kentucky
78%
21.2 Oklahoma
73%
19.7 New Mexico
72%
19.8 West Virginia
69%
No matching quizzes found
Score Distribution
Percent of People with Each Score
Percentile by Number Answered
Your Score History
You have not taken this quiz